Statistics for How Good Are You at Math?

Click here to take the quiz!

General Stats

  • This quiz has been taken 508 times
  • The average score is 9 of 10

Answer Stats

HintAnswer% Correct
1-10
100%
1 + 12
100%
1/11
99%
1(1)1
98%
1+x=21
97%
1^21
96%
√11
95%
x^2=42
95%
a+ba+b
65%
√-1i
51%

Score Distribution

Percentile by Number Answered

Percent of People with Each Score

Your Score History

You have not taken this quiz